Understanding consumer behavior / (Record no. 1684)

000 -LEADER
fixed length control field 00957cam a2200277 a 4500
001 - CONTROL NUMBER
control field 1578233
003 - CONTROL NUMBER IDENTIFIER
control field OSt
005 - DATE AND TIME OF LATEST TRANSACTION
control field 20150421124856.0
008 - FIXED-LENGTH DATA ELEMENTS--GENERAL INFORMATION
fixed length control field 930412s1994 ilua b 001 0 eng
010 ## - LIBRARY OF CONGRESS CONTROL NUMBER
LC control number 93013484
020 ## - INTERNATIONAL STANDARD BOOK NUMBER
International Standard Book Number 0256122784
040 ## - CATALOGING SOURCE
Original cataloging agency DLC
Transcribing agency DLC
Modifying agency DLC
043 ## - GEOGRAPHIC AREA CODE
Geographic area code n-us---
082 00 - DEWEY DECIMAL CLASSIFICATION NUMBER
Classification number 658.8/342
Edition number 20
100 1# - MAIN ENTRY--PERSONAL NAME
Personal name Peter, J. Paul.
245 10 - TITLE STATEMENT
Title Understanding consumer behavior /
Statement of responsibility, etc J. Paul Peter, Jerry C. Olson.
260 ## - PUBLICATION, DISTRIBUTION, ETC. (IMPRINT)
Place of publication, distribution, etc Burr Ridge, Ill. :
Name of publisher, distributor, etc Irwin,
Date of publication, distribution, etc 1994.
300 ## - PHYSICAL DESCRIPTION
Extent xv, 485 p. :
Other physical details col. ill. ;
Dimensions 26 cm.
440 #4 - SERIES STATEMENT/ADDED ENTRY--TITLE
Title The Irwin series in marketing
504 ## - BIBLIOGRAPHY, ETC. NOTE
Bibliography, etc Includes bibliographical references (p. 435-455) and indexes.
650 #0 - SUBJECT ADDED ENTRY--TOPICAL TERM
Topical term or geographic name as entry element Consumer behavior
Geographic subdivision United States
General subdivision Case studies.
700 1# - ADDED ENTRY--PERSONAL NAME
Personal name Olson, Jerry C.
Fuller form of name (Jerry Corrie),
Dates associated with a name 1944-
906 ## - LOCAL DATA ELEMENT F, LDF (RLIN)
a 7
b cbc
c orignew
d 1
e ocip
f 19
g y-gencatlg
942 ## - ADDED ENTRY ELEMENTS (KOHA)
Source of classification or shelving scheme
Koha item type Book
Holdings
Withdrawn status Lost status Source of classification or shelving scheme Damaged status Not for loan Home library Current library Shelving location Date acquired Total Checkouts Full call number Barcode Date last seen Copy number Price effective from Koha item type
          Riara University Library Riara University Library General stack 21/04/2015   HF5415.33.U6P48 1994 5740/15 21/04/2015 C.1 21/04/2015 Book

Riara University Library,
P.O. Box 49940-00100,
Nairobi, Kenya.